Central Library OPAC University of Rajshahi

The bacteria : (Record no. 22837)

MARC details
000 -LEADER
fixed length control field 00826nam a2200253 a 4500
001 - CONTROL NUMBER
control field 22837
003 - CONTROL NUMBER IDENTIFIER
rucl marc code BD-RjUL
005 - DATE AND TIME OF LATEST TRANSACTION
control field 20211209000847.0
008 - FIXED-LENGTH DATA ELEMENTS--GENERAL INFORMATION
fixed length control field 170525s1962 nyua b 001 0 eng d
035 ## - SYSTEM CONTROL NUMBER
System control number (BD-RjUL)22902
040 ## - CATALOGING SOURCE
Original cataloging agency DLC
Transcribing agency DLC
Modifying agency DLC
-- BD-RjUL
Language of cataloging eng
041 ## - LANGUAGE CODE
Language code of text/sound track or separate title eng
082 00 - DEWEY DECIMAL CLASSIFICATION NUMBER
Edition number 23
Classification number 589.9
Author mark and year BAC 1962
245 04 - TITLE STATEMENT
Title The bacteria :
Remainder of title a treatise on structure and function /
Statement of responsibility, etc. edited by I. C. Gunsalus and Roger Y. Stanier.
260 0# - PUBLICATION, DISTRIBUTION, ETC. (IMPRINT)
Place of publication, distribution, etc. New York ;
-- London :
Name of publisher, distributor, etc. Academic Press,
Date of publication, distribution, etc. 1962.
300 ## - PHYSICAL DESCRIPTION
Pagination xv, 718 p. :
Illustrations ill. ;
Size 24 cm.
504 ## - BIBLIOGRAPHY, ETC. NOTE
Bibliography, etc Includes bibliographies and indexes.
505 ## - FORMATTED CONTENTS NOTE
Formatted contents note Vol. 3. Biosynthesis --
650 #0 - SUBJECT ADDED ENTRY--TOPICAL TERM
Topical term or geographic name as entry element Bacteriology.
9 (RLIN) 70409
700 10 - ADDED ENTRY--PERSONAL NAME
Personal name Gunsalus, I. C.
Fuller form of name (Irwin Clyde),
Dates associated with a name 1912-2008 .
Personal name Roger Y. Stanier.
942 ## - ADDED ENTRY ELEMENTS (KOHA)
Source of classification or shelving scheme Dewey Decimal Classification
Koha item type Books
Holdings
Lost status Source of classification or shelving scheme Damaged status Not for loan Collection code Permanent Location Current Location Shelving location Date acquired Source of acquisition Cost, normal purchase price Total Checkouts Full call number Date last seen Copy number Koha item type
  Dewey Decimal Classification     Non-fiction Central Library, University of Rajshahi Central Library, University of Rajshahi Reading Room 17/12/1964 Euro-Pak-News Agency, Dacca. 112.50   579.3 BAC V-3 1962 09/03/2014 C-1 Books